Central Library OPAC University of Rajshahi

The house of the seven gables : (Record no. 17443)

MARC details
000 -LEADER
fixed length control field 00941nam a22003011i 4500
001 - CONTROL NUMBER
control field 17443
003 - CONTROL NUMBER IDENTIFIER
rucl marc code BD-RjUL
005 - DATE AND TIME OF LATEST TRANSACTION
control field 20211209000136.0
008 - FIXED-LENGTH DATA ELEMENTS--GENERAL INFORMATION
fixed length control field 780613s1893 xxu 000 1 eng
035 ## - SYSTEM CONTROL NUMBER
System control number (BD-RjUL)17501
System control number (OCoLC)3972531
040 ## - CATALOGING SOURCE
Original cataloging agency DLC
Transcribing agency CoGrU
Modifying agency DLC
-- BD-RjUL
Language of cataloging eng
041 ## - LANGUAGE CODE
Language code of text/sound track or separate title eng
082 ## - DEWEY DECIMAL CLASSIFICATION NUMBER
Classification number 813.3
Author mark and year HAH 1893
100 1# - MAIN ENTRY--PERSONAL NAME
Personal name Hawthorne, Nathaniel,
Dates associated with a name 1804-1864.
9 (RLIN) 53750
245 14 - TITLE STATEMENT
Title The house of the seven gables :
Remainder of title a romance /
Statement of responsibility, etc. Nathaniel Hawthorne.
260 ## - PUBLICATION, DISTRIBUTION, ETC. (IMPRINT)
Place of publication, distribution, etc. Philadelphia :
Name of publisher, distributor, etc. H. Altemus,
Date of publication, distribution, etc. 1893.
300 ## - PHYSICAL DESCRIPTION
Pagination vii, 374 p. ;
Size 15 cm.
650 #0 - SUBJECT ADDED ENTRY--TOPICAL TERM
Topical term or geographic name as entry element Haunted houses
General subdivision Fiction.
9 (RLIN) 53752
651 #0 - SUBJECT ADDED ENTRY--GEOGRAPHIC NAME
Geographic name Salem (Mass.)
General subdivision Fiction.
9 (RLIN) 53753
942 ## - ADDED ENTRY ELEMENTS (KOHA)
Source of classification or shelving scheme Dewey Decimal Classification
Koha item type Books
Holdings
Lost status Source of classification or shelving scheme Damaged status Not for loan Collection code Permanent Location Current Location Shelving location Date acquired Source of acquisition Total Checkouts Full call number Date last seen Copy number Koha item type
  Dewey Decimal Classification   Not For Loan Fiction Central Library, University of Rajshahi Central Library, University of Rajshahi Reading Room 08/01/1962 Asia foundation   813.3 HAH 1893 17/02/2014 C-1 Books
  Dewey Decimal Classification     Fiction Central Library, University of Rajshahi Central Library, University of Rajshahi   08/01/1962 Asia Foundation , U.S.A.   813.3 HAH 1893 26/12/2019 C-2 Books